| 000 | 00406 a2200157 4500 | ||
|---|---|---|---|
| 005 | 20250626083625.0 | ||
| 020 | _a0-534-38771-3 | ||
| 082 | _a519.5 CHA. | ||
| 100 | _aCHAFFE, C. P. | ||
| 245 | _aIntroduction To Business Statistic, | ||
| 250 | _a4th Ed. | ||
| 260 |
_aNew York, _bThomson Learning, Duxburry, _c1999. |
||
| 300 |
_a562p.; Ill.; table, _c27cm. |
||
| 700 | _aSTENGEL, N. D. | ||
| 942 |
_2ddc _cBKS |
||
| 999 |
_c5246 _d5246 |
||